Στοιχεία Κοινωνιολογικής Θεωρίας των Οργανώσεων / Σημειώσεις (Record no. 3795)
[ view plain ]
| 000 -LEADER | |
|---|---|
| fixed length control field | 01487cam a22001814a 4500 |
| 005 - ΗΜΕΡΟΜΗΝΙΑ ΚΑΙ ΩΡΑ ΤΕΛΕΥΤΑΙΑΣ ΕΝΗΜΕΡΩΣΗΣ | |
| Πεδίο ελέγχου | 20250605164125.0 |
| 008 - FIXED-LENGTH DATA ELEMENTS--GENERAL INFORMATION | |
| Πεδίο ελέγχου σταθερού μήκους | 250528s ||||||||||||||||||||||||d |
| 035 ## - SYSTEM CONTROL NUMBER | |
| System control number | 18434 |
| 040 ## - ΠΗΓΗ ΚΑΤΑΛΟΓΟΓΡΑΦΗΣΗΣ | |
| Φορέας πρωτότυπης καταλογογράφησης | MC Athens Campus Library |
| Γλώσσα καταλογογράφησης | Ελληνικά, Μοντέρνα (1453-) |
| Modifying agency | MC Athens Campus Library |
| Κανόνες περιγραφικής καταλογογράφησης | AACR2 |
| 245 1# - ΤΙΤΛΟΣ ΚΑΙ ΔΗΛΩΣΗ ΥΠΕΥΘΥΝΟΤΗΤΑΣ | |
| Τίτλος | Στοιχεία Κοινωνιολογικής Θεωρίας των Οργανώσεων / Σημειώσεις |
| 260 ## - PUBLICATION, DISTRIBUTION, ETC. | |
| Name of publisher, distributor, etc. | Πανεπιστήμιο Αθηνών. Τμήμα Οικονομικών Επιστημών, |
| Date of publication, distribution, etc. | 1997 |
| 300 ## - PHYSICAL DESCRIPTION | |
| Extent | 130 |
| 520 ## - SUMMARY, ETC. | |
| Summary, etc. | Εισαγωγικές Παρατηρήσεις, Κεντρικά Ζητήματα της Κοινωνιολογικής Θεωρίας των Οργανώσεων, Θεωρία των Συστημάτων και Θεωρία των Οργανώσεων, Οργάνωση και Κοινωνική Μεταβολή, Τέσσερεις Θέσεις, Όψεις της Θεσμικής Προσέγγισης, Οργανωσιακή Κουλτούρα και Οργανωσιακό Κλίμα και Συστήματα Ρόλων, Θεωρία της Γραφειοκρατίας και Κλασσική Θεωρία των Οργανώσεων, Οργανωσιακές Δομές, Οι Οργανώσεις ως Επεξεργαστές Πληροφοριών, Βιβλιογραφία Κοινωνιολογικής Θεωρίας των Οργανώσεων. |
| 700 1# - ΠΡΟΣΘΕΤΗ ΑΝΑΓΡΑΦΗ--ΦΥΣΙΚΟ ΠΡΟΣΩΠΟ | |
| Personal name | Κύρτσης Αλέξανδρος - Ανδρέας |
| 9 (RLIN) | 4688 |
| 942 ## - ADDED ENTRY ELEMENTS (KOHA) | |
| Koha item type | Books |
| Τύπος τεκμηρίου | Βιβλιοθήκη | Τρέχουσα τοποθεσία | Barcode | Αριθμός εισαγωγής | Ημερομηνία απόκτησης | Ταξιθετικό σύμβολο | Αριθμός αντιτύπου | Κατάσταση απόσυρσης | Κατάσταση χαμένου | Κατάσταση κατεστραμμένου | Μη δανεισμός | Σύνολο δανεισμών | Ημερομηνία τελευταίας εμφάνισης | Η τιμή ισχύει από |
|---|---|---|---|---|---|---|---|---|---|---|---|---|---|---|
| Books | MC Athens Campus Library | MC Athens Campus Library | 9780000037947 | 3119 | 05/06/2025 | 302.35 KIR | 1 | 05/06/2025 | 05/06/2025 |